000 00858cam a22002657a 4500
003 CHAP
005 20220329135505.0
008 971013s1957 r 00010 d
010 _a37470
011 _a38442
035 _a42562
040 _cCHAP
082 _a025.46
_bO93Y
245 1 4 _aDas Oxford-System der Dezimal Klassifikation fur forestwessen (Forst-und Holzwirstschaft)
260 _aFreiburg :
_bDeutschen Zentralstelle fur forstliche. Bibliographie,
_c1957
300 _a110 p.
590 _aBATCH-UPD
_b10
_c20130110
_lUCH01
_h0128
590 _aBATCH-UPD
_b10
_c20130409
_lUCH01
_h2123
590 _aBATCH-UPD
_b10
_c20130914
_lUCH01
_h0947
590 _aCONVERSION
_b10
_c20130109
_lUCH01
_h1321
650 1 4 _aClasificación Decimal de Oxford.
_923677
901 _aBK
942 _cLIBRO
949 _a025.46 O93Y
_bBC
_cB
_d-97956
_eB
_i42562
_mD
_si
999 _c37470
_d37470